| Tag |
First Indicator |
Second Indicator |
Subfields |
| LEADER |
00000cam a2200000 a 4500 |
| 001 |
in00000001208 |
| 007 |
he bmb024bbca |
| 008 |
981019s1998 ncu bf f000 0 eng d |
| 005 |
20230309222503.3 |
| 035 |
|
|
|a (OCoLC)40132766
|
| 035 |
|
|
|9 AHS9457AM
|
| 035 |
|
|
|a in00000001208
|
| 040 |
|
|
|d GPO
|d DLC
|d MvI
|d UtOrBLW
|
| 043 |
|
|
|a n-us---
|
| 049 |
|
|
|a UDOC
|
| 049 |
|
|
|a WWW
|
| 074 |
|
|
|a 0483-E-02 (MF)
|
| 074 |
|
|
|a 0483-E-02 (online)
|
| 086 |
0 |
|
|a EP 4.8:B 61/998
|
| 088 |
|
|
|a EPA 456/B-98-002
|
| 245 |
0 |
0 |
|a User's manual for the RBLC data base /
|c prepared by INDUS Corp.
|
| 246 |
3 |
4 |
|a RACT/BACT/LAER clearinghouse information system (RBLC) : user's manual
|
| 246 |
3 |
3 |
|a User's manual for the RACT/BACT/LAER clearinghouse (RBLC) BBS
|
| 264 |
|
1 |
|a Research Triangle Park, N.C. :
|b Information Transfer Group, Office of Air Quality Planning and Standards, U.S. Environmental Protection Agency,
|c [1998]
|
| 300 |
|
|
|a 1 volume (various pagings) ;
|c 28 cm.
|
| 336 |
|
|
|a text
|b txt
|2 rdacontent
|
| 337 |
|
|
|a microform
|b h
|2 rdamedia
|
| 338 |
|
|
|a microfiche
|b he
|2 rdacarrier
|
| 536 |
|
|
|a Prepared by INDUS Corp. for Clean Air Technology Center, U.S. Environmental Protection Agency.
|b 68-D3-0061
|
| 500 |
|
|
|a "Developed as part of a joint effort between the U.S. Environmental Protection Agency and state and local air pollution control agencies"--Cover.
|
| 500 |
|
|
|a Shipping list number: 98-0973-M.
|
| 500 |
|
|
|a "April 1998"--Prelim. p.
|
| 500 |
|
|
|a "May 1998"--Cover.
|
| 530 |
|
|
|a Also available via Internet from the EPA web site (PDF file only).
|
| 533 |
|
|
|a Microfiche.
|b [Washington, D.C.] :
|c Supt. of Docs., U.S. G.P.O.,
|d 1998
|e 3 microfiches : negative.
|
| 500 |
|
|
|a Microform.
|
| 650 |
|
0 |
|a Air
|x Pollution
|z United States
|x Databases.
|
| 650 |
|
0 |
|a Clearinghouses
|z United States
|x Databases.
|
| 710 |
2 |
|
|a INDUS Corp.
|
| 710 |
2 |
|
|a Clean Air Technology Center (U.S.)
|
| 710 |
1 |
|
|a United States.
|b Environmental Protection Agency.
|b Office of Air Quality Planning and Standards.
|b Information Transfer Group.
|
| 856 |
4 |
1 |
|u https://purl.fdlp.gov/GPO/LPS2254
|z Adobe Acrobat reader required
|t 0
|
| 999 |
|
|
|a MARS
|
| 999 |
f |
f |
|i faa2ca25-e604-3817-9913-dcc1b976485d
|s 44846049-5d16-3542-b2e6-2a2156077485
|t 0
|
| 952 |
f |
f |
|p normal
|a Texas A&M University
|b College Station
|c Sterling C. Evans Library
|d Evans: US Documents Microfiche (3rd floor)
|t 0
|e EP 4.8:B 61/998
|h Superintendent of Documents classification
|i microform -- microfiche
|m A14838183708
|
| 952 |
f |
f |
|a Texas A&M University
|b College Station
|c Electronic Resources
|d Available Online
|t 0
|e EP 4.8:B 61/998
|h Superintendent of Documents classification
|
| 998 |
f |
f |
|a EP 4.8:B 61/998
|t 0
|l Evans: US Documents Microfiche (3rd floor)
|
| 998 |
f |
f |
|a EP 4.8:B 61/998
|t 0
|l Available Online
|